Analyse economique de la vie politique
Αποθηκεύτηκε σε:
| Κύριος συγγραφέας: | |
|---|---|
| Μορφή: | Βιβλίο |
| Γλώσσα: | French |
| Δημοσίευση: |
Paris :
Quadrige, Puf,
1972
|
| Θέματα: | |
| Ετικέτες: |
Προσθήκη ετικέτας
Δεν υπάρχουν, Καταχωρήστε ετικέτα πρώτοι!
|
MARC
| LEADER | 00000nam a2200000 i 4500 | ||
|---|---|---|---|
| 001 | 1/21111 | ||
| 008 | 960708s1972 fre d | ||
| 020 | |a 2-13-037023-3 | ||
| 035 | |l 10021661 | ||
| 040 | |a GR-MY-UA |b gre |e aacr | ||
| 041 | 0 | |a fre | |
| 082 | 0 | |a 330.1 | |
| 100 | 1 | |a Attali, Jacques. | |
| 245 | 1 | 0 | |a Analyse economique de la vie politique / |c Jacques Attali |
| 260 | |a Paris : |b Quadrige, Puf, |c 1972 | ||
| 650 | 0 | 0 | |a Economics. |
| 852 | |a INST |b CHIOS |e 19960708 |h 330.1 ATT |p 005200002891 |q 005200002891 |t BK |y 0 | ||
| 909 | |a Χ |b 011032 | ||